Small and mini hydropower systems resource assessment and project feasibility
Gardado en:
| Autor Principal: | |
|---|---|
| Formato: | Libro |
| Idioma: | Undetermined |
| Publicado: |
New York
McGraw - Hill
1984
|
| Những chủ đề: | |
| Các nhãn: |
Engadir etiqueta
Sen Etiquetas, Sexa o primeiro en etiquetar este rexistro!
|
| Thư viện lưu trữ: | Trung tâm Học liệu Trường Đại học Cần Thơ |
|---|
| LEADER | 00530nam a2200181Ia 4500 | ||
|---|---|---|---|
| 001 | CTU_46200 | ||
| 008 | 210402s9999 xx 000 0 und d | ||
| 082 | |a 621.31 | ||
| 082 | |b F919 | ||
| 100 | |a Jack J.Fritz | ||
| 245 | 0 | |a Small and mini hydropower systems | |
| 245 | 0 | |b resource assessment and project feasibility | |
| 245 | 0 | |c Jack J.Fritz | |
| 260 | |a New York | ||
| 260 | |b McGraw - Hill | ||
| 260 | |c 1984 | ||
| 650 | |a electric generators - alternating current | ||
| 980 | |a Trung tâm Học liệu Trường Đại học Cần Thơ | ||